Statistics for Mario Kart 8 Unlockable Characters

Click here to take the quiz!

General Stats

  • This quiz has been taken 44 times
  • The average score is 7 of 13

Answer Stats

Hint Answer % Correct
Pink Gold Coat on PeachPink Gold Peach
89%
Metallic coat on MarioMetal Mario
78%
Luma's MomRosalina
70%
His home is Donut Plains 3Morton Koopa
63%
Spelled like Larry but the r's are switched with m'sLemmy Koopa
63%
The Overweight KoopaRoy Koopa
56%
Looks like a crazy koopaIggy Koopa
52%
---------- LightsLarry Koopa
48%
A jerk that ruined all the shortcutsLakitu
44%
Princess of DestructionWendy O Koopa
41%
Daughter of the aboveBaby Rosalina
37%
Avatar from the Wii UMii
37%
Named after a composerLudwig van Koopa
26%

Score Distribution

Percentile by Number Answered

Percent of People with Each Score

Your Score History

You have not taken this quiz